Catorce 6 (Registro nro. 19652)
[ vista simple ]
| 000 -CABECERA | |
|---|---|
| Campo de control | 00702cas a2200217 a 4500 |
| 005 - FECHA Y HORA DE LA ULTIMA TRANSACCION | |
| Campo de control | 20170615162028.0 |
| 008 - ELEMENTOS DE LONGITUD FIJA—INFORMACION GENERAL | |
| Campo de control | 090702c2007999ck mbrpprrn 0 a0spadd |
| 022 ## - ISSN | |
| ISSN | 2011-1541 |
| 040 ## - FUENTE DE CATALOGACIÓN | |
| Agencia catalogadora original | CO-BoPUJ |
| Agencia transcriptora | CO-BoIAVH |
| Agencia Modificadora | CO-BoIAVH |
| 041 0# - IDIOMA | |
| Código de idioma para texto/pista de sonido o título separado | Español |
| 044 ## - PAÍS DE PUBLICACIÓN | |
| País de publicación | Colombia |
| 245 00 - MENCION DE TITULO | |
| Título | Catorce 6 |
| 246 ## - FORMA VARIANTE DEL TITULO | |
| Título propiamente dicho/forma breve del título | Revista ambiental : |
| Parte restante del título | Catorce 6 |
| 260 ## - PUBLICACION, DISTRIBUCION, ETC. (PIE DE IMPRENTA) | |
| Lugar de publicación, distribución, etc. | Bogotá (Colombia) : |
| Nombre del editor, distribuidor, etc. | Corporación Bioparque, |
| Fecha de publicación, distribución, etc. | 2007-. |
| 300 ## - DESCRIPCION FISICA | |
| Otros detalles físicos | ilustraciones ; |
| Dimensiones | 28 x 21 cm. |
| 310 ## - FRECUENCIA ACTUAL DE LA PUBLICACIÓN | |
| Date of current publication frequency | 2007- |
| Frecuencia actual de la publicación | Bimensual |
| 650 26 - ASIENTO SECUNDARIO DE MATERIA - TERMINO TEMATICO | |
| Término temático o nombre geográfico como elemento de entrada | Desarrollo sostenible |
| Subdivisión de forma | Publicaciones periódicas |
| 9 (RLIN) | 82153 |
| 650 26 - ASIENTO SECUNDARIO DE MATERIA - TERMINO TEMATICO | |
| Término temático o nombre geográfico como elemento de entrada | Medio ambiente |
| Subdivisión de forma | Publicaciones periódicas |
| 9 (RLIN) | 82154 |
| 650 26 - ASIENTO SECUNDARIO DE MATERIA - TERMINO TEMATICO | |
| Término temático o nombre geográfico como elemento de entrada | Protección ambiental |
| Subdivisión de forma | Publicaciones periódicas |
| 9 (RLIN) | 82155 |
| 942 ## - ELEMENTOS ADICIONALES (KOHA) | |
| Sistema de clasificación | Local |
| Tipo de ítem | Periodica o revista |
| Serial record | 1 |
| Withdrawn status | Lost status | Sistema de Clasificación | Damaged status | No para préstamo | Colección | Fecha publicación (Año) | Número revista | Inventariado | Ubicación Permanente | Ubicación actual | Fecha de adquisición | Datos de publicación Seriada | Total Checkouts | Número topográfico | Inventario / Código de Barras | Date last seen | Ejemplar | Price effective from | Forma de adquisición | Tipo de material |
|---|---|---|---|---|---|---|---|---|---|---|---|---|---|---|---|---|---|---|---|---|
| Local | Hemeroteca | 2016 | 53 | Inventariado 2017 | Bogotá | Bogotá | 15/06/2017 | Edición 53 | SE | 041478 | 15/06/2017 | Ej. 1 | 15/06/2017 | Donación | Periodica o revista | |||||
| Local | Hemeroteca | 2009 | 9 | Inventariado 2017 | Bogotá | Bogotá | 15/06/2017 | Edición 9 | SE | 038568 | 15/06/2017 | Ej. 1 | 15/06/2017 | Donación | Periodica o revista | |||||
| Local | Hemeroteca | 2009 | 12 | Inventariado 2017 | Bogotá | Bogotá | 15/06/2017 | Edición 12 | SE | 038571 | 15/06/2017 | Ej. 1 | 15/06/2017 | Donación | Periodica o revista | |||||
| Local | Hemeroteca | 2008 | 6 | Inventariado 2017 | Bogotá | Bogotá | 15/06/2017 | Edición 6 | SE | 058377 | 15/06/2017 | Ej. 1 | 15/06/2017 | Donación | Periodica o revista | |||||
| Local | Hemeroteca | 2015 | 45 | Inventariado 2017 | Bogotá | Bogotá | 15/06/2017 | Edición 45 | SE | 042019 | 15/06/2017 | Ej. 1 | 15/06/2017 | Donación | Periodica o revista | |||||
| Local | Hemeroteca | 2009 | 14 | Inventariado 2017 | Bogotá | Bogotá | 15/06/2017 | Edición 14 | SE | 038572 | 15/06/2017 | Ej. 1 | 15/06/2017 | Donación | Periodica o revista | |||||
| Local | Hemeroteca | 2011 | 26 | Inventariado 2017 | Bogotá | Bogotá | 15/06/2017 | Edición 26 | SE | 058375 | 15/06/2017 | Ej. 1 | 15/06/2017 | Donación | Periodica o revista | |||||
| Local | Hemeroteca | 2008 | 5 | Inventariado 2017 | Bogotá | Bogotá | 15/06/2017 | Número 5 | SE | 038566 | 15/06/2017 | Ej. 1 | 15/06/2017 | Donación | Periodica o revista | |||||
| Local | Hemeroteca | 2010 | 18 | Inventariado 2017 | Bogotá | Bogotá | 15/06/2017 | Edición 18 | SE | 038585 | 15/06/2017 | Ej. 1 | 15/06/2017 | Donación | Periodica o revista | |||||
| Local | Hemeroteca | 2008 | 8 | Inventariado 2017 | Bogotá | Bogotá | 15/06/2017 | Edición 8 | SE | 058376 | 15/06/2017 | Ej. 1 | 15/06/2017 | Donación | Periodica o revista | |||||
| Local | Hemeroteca | 2013 | 35 | Inventariado 2017 | Bogotá | Bogotá | 15/06/2017 | Edición 35 | SE | 058307 | 15/06/2017 | Ej. 1 | 15/06/2017 | Donación | Periodica o revista | |||||
| Local | Hemeroteca | 2015 | 48 | Inventariado 2017 | Bogotá | Bogotá | 15/06/2017 | Edición 48 | SE | 039146 | 15/06/2017 | Ej. 1 | 15/06/2017 | Donación | Periodica o revista | |||||
| Local | Hemeroteca | 2013 | 33 | Inventariado 2017 | Bogotá | Bogotá | 15/06/2017 | Edición 33 | SE | 058487 | 15/06/2017 | Ej. 1 | 15/06/2017 | Donación | Periodica o revista | |||||
| Local | Hemeroteca | 2009 | 10 | Inventariado 2017 | Bogotá | Bogotá | 15/06/2017 | Edición 10 | SE | 038569 | 15/06/2017 | Ej. 1 | 15/06/2017 | Donación | Periodica o revista | |||||
| Local | Hemeroteca | 2017 | 58 | Inventariado 2017 | Bogotá | Bogotá | 15/06/2017 | Edición 58 | SE | 041480 | 15/06/2017 | Ej. 1 | 15/06/2017 | Donación | Periodica o revista | |||||
| Local | Hemeroteca | 2008 | 4 | Inventariado 2017 | Bogotá | Bogotá | 15/06/2017 | Número 4 | SE | 038565 | 15/06/2017 | Ej. 1 | 15/06/2017 | Donación | Periodica o revista | |||||
| Local | Hemeroteca | 2008 | 3 | Inventariado 2017 | Bogotá | Bogotá | 15/06/2017 | Número 3 | SE | 038564 | 15/06/2017 | Ej. 1 | 15/06/2017 | Donación | Periodica o revista | |||||
| Local | Hemeroteca | 2016 | 54 | Inventariado 2017 | Bogotá | Bogotá | 15/06/2017 | Edición 54 | SE | 041479 | 15/06/2017 | Ej. 1 | 15/06/2017 | Donación | Periodica o revista | |||||
| Local | Hemeroteca | 2013 | 32 | Inventariado 2017 | Bogotá | Bogotá | 15/06/2017 | Edición 32 | SE | 038573 | 15/06/2017 | Ej. 1 | 15/06/2017 | Donación | Periodica o revista | |||||
| Local | Hemeroteca | 2007 | 1 | Inventariado 2017 | Bogotá | Bogotá | 15/06/2017 | Número 1 | SE | 038563 | 15/06/2017 | Ej. 1 | 15/06/2017 | Donación | Periodica o revista | |||||
| Local | Hemeroteca | 2009 | 11 | Inventariado 2017 | Bogotá | Bogotá | 15/06/2017 | Edición 11 | SE | 038570 | 15/06/2017 | Ej. 1 | 15/06/2017 | Donación | Periodica o revista | |||||
| Local | Hemeroteca | 2008 | 7 | Inventariado 2017 | Bogotá | Bogotá | 15/06/2017 | Edición 7 | SE | 038586 | 15/06/2017 | Ej. 1 | 15/06/2017 | Donación | Periodica o revista | |||||
| Local | Hemeroteca | 2015 | 50 | Inventariado 2017 | Bogotá | Bogotá | 15/06/2017 | Edición 50 | SE | 041477 | 15/06/2017 | Ej. 1 | 15/06/2017 | Donación | Periodica o revista | |||||
| Local | Hemeroteca | 2018 | 65 | Inventariado 2018 | Bogotá | Bogotá | 26/11/2018 | Edición 65 | SE | 030372 | 26/11/2018 | Ej. 1 | 26/11/2018 | Donación | Periodica o revista |